| 000 | 00608nam a2200193 a 4500 | ||
|---|---|---|---|
| 005 | 20140412111302.0 | ||
| 008 | 010118s19uu xx 00 eng d | ||
| 020 | _a0-394-84109-3 | ||
| 050 |
_aER _bBo63 1994 |
||
| 100 | _aWheeler, Cindy | ||
| 245 |
_aBookstore cat / _cby Cindy Wheeler. |
||
| 260 |
_aNew York : _bRandom House, _c1994. |
||
| 300 | _a32 p. ; ill. ; col. | ||
| 440 | _aStep into Reading, Step 1 Book | ||
| 520 | _aMulligan, the bookstore cat, has an exicting day when a pigeon wanders into the store. | ||
| 650 | _aCats -- Fiction | ||
| 650 | _aBookstores -- Fiction | ||
| 999 |
_c103457 _d103457 |
||